000 00543nam a22001577a 4500
999 _c11856
_d11856
008 210113b ||||| |||| 00| 0 eng d
082 0 0 _a621.3
_bK321
100 _9514
_aKemp, Philip.
245 1 0 _aElectrical engineering theory and practice : A comprehensive, practical and authoritative treatise for those engaged in the electrical industry. part - II
_cBy Philip. Kemp
250 _a1st ed.
260 _aLondon
_bNew Era
_c1950
300 _aviii,662 p.
365 _d42
650 0 _aElectrical Engineering
942 _cBK